| 000 | 00691nam a22002172 4500 | ||
|---|---|---|---|
| 001 | 0000019966 | ||
| 005 | 20151217155227.0 | ||
| 008 | 110405s xx 000 0 eng d | ||
| 010 | _a9966854231 | ||
| 040 |
_aKABU _cKABU |
||
| 100 | 1 |
_aOgechi, Nathan Onyori. _@0000179984 |
|
| 245 | 1 | 0 |
_aMbinu za mawasiliano kwa kiswahili / _cNathan Oyori Ogechi. |
| 250 | _a1st ed. | ||
| 260 |
_aMoi university, Eldoret : _bMoi university press, _c2002. |
||
| 300 | _a126 p. | ||
| 650 | 0 |
_aSwahili language _xStudy and teaching. _@0000179985 |
|
| 650 | 0 |
_aSwahili language _xRhetoric. _@0000179986 |
|
| 852 | 1 | _9p275 KES | |
| 908 | _a110405 | ||
| 950 | _@1 | ||
| 999 |
_c12118 _d12118 |
||